Herbarium/ (Record no. 214740)

MARC details
000 -LEADER
fixed length control field 00599nam a22002057a 4500
005 - DATE AND TIME OF LATEST TRANSACTION
control field 20260209114414.0
010 ## - LCCN (DPL NO)
LC control number ENG-147758
020 ## - INTERNATIONAL STANDARD BOOK NUMBER
International Standard Book Number 9788199249462
Terms of availability 595.00
035 ## - SYSTEM CONTROL NUMBER
System control number EN-131290
037 ## - SOURCE OF ACQUISITION
Source of stock number/acquisition DBAD
082 ## - DEWEY DECIMAL CLASSIFICATION NUMBER
Classification number N
Edition number 1
100 ## - MAIN ENTRY--PERSONAL NAME
Personal name Rafeek, Sonia
245 ## - TITLE STATEMENT
Title Herbarium/
Statement of responsibility, etc Sonia Rafeek [and] Translated By Ministhy S.
250 ## - EDITION STATEMENT
Edition statement 1
260 ## - PUBLICATION, DISTRIBUTION, ETC. (IMPRINT)
Place of publication, distribution, etc New Delhi
Name of publisher, distributor, etc Niyogi Books
Date of publication, distribution, etc 2026
270 ## - ADDRESS
Address Block D, Building No. 77, Okhla Industrial Area, Phase-I
City New Delhi
Postal code 110020
300 ## - PHYSICAL DESCRIPTION
Extent 338p.
Dimensions 20cm(pb)
700 ## - ADDED ENTRY--PERSONAL NAME
Personal name Ministhy S.
Relator term Translator
9 (RLIN) 87211
942 ## - ADDED ENTRY ELEMENTS (KOHA)
Source of classification or shelving scheme Dewey Decimal Classification
Item type English Books
Classification part N
Call number suffix RAF
Holdings
Withdrawn status Lost status Not for loan Collection code Home library Current library Date acquired Source of acquisition Cost, normal purchase price Full call number Barcode Copy number Cost, replacement price Koha item type
      Fiction Janak Puri Janak Puri 09/02/2026 Delivery of Books Act Division 595.00 N RAF EN-131290 1 595.00 English Books

© Delhi Public Library
Hit Counter
free hit counter